Pure Austrian Design /

Gespeichert in:
Bibliographische Detailangaben
Hauptverfasser: Fredes, Andres (Verfasst von), Taubinger, Julia (Verfasst von), Lechner, Stefan (Verfasst von)
Weitere Verfasser: Fejer, Ditz (Fotografie)
Format: Buch
Sprache:Englisch
Deutsch
Veröffentlicht: Wien: JULAND, 2008
Ausgabe:1. vydanie
Schlagworte:
Tags: Tag hinzufügen
Keine Tags, Fügen Sie das erste Tag hinzu!

MARC

LEADER 00000nam a22000003a 4500
001 0065098
003 SK-STU
005 20190405120617.5
007 ta
008 180517s ----xo-----e------000-0-----d
020 |a 84-96309-11-8 
040 |a STU  |b slo 
041 0 |a eng  |a ger 
044 |a au 
100 1 |a Fredes, Andres  |4 aut 
245 1 0 |a Pure Austrian Design /  |c aut. Andres Fredes, Julia Taubinger, Stefan Lechner ; fotogr. Ditz Fejer 
250 |a 1. vydanie 
260 |a Wien:  |b JULAND,  |c 2008 
300 |a 432 s.  |e + CD-ROM Audio Furniture 
650 0 7 |a dizajn 
650 0 7 |a nábytok 
650 0 7 |a Rakúsko 
650 0 7 |a dizajnéri 
650 0 7 |a dizajn produktový 
700 1 |a Taubinger, Julia  |4 aut 
700 1 |a Lechner, Stefan  |4 aut 
700 1 |a Fejer, Ditz  |4 pht 
996 |b 284AU07455  |c A* 10704/U  |l AAKNAR  |s A  |a 24  |w 0065098_0001